000 00777nam a2200229 a 4500
001 000010280
005 20240412074216.0
008 091006s1987 dr a 000 p spa d
040 _aDO-SdBNP
_bspa
_cBNPHU
082 _aRD861.44
_bJ61ex
100 1 _aJiménez, Blas R.
_918874
245 1 0 _aExigencias de un cimarrón :
_b(en sueños), versos del Negro Blas III /
_cBlas R. Jiménez.
260 _aSanto Domingo :
_bTaller,
_c1987.
300 _a113 p. :
_bil. ;
_c20 cm.
490 1 _aCimarrones
_v2
500 _aIncluye datos biográficos del autor en la contracubierta.
590 _aInventariado, 2018/LP
650 0 _aPoesía dominicana
_966
650 0 _aLiteratura dominicana.
_967
830 0 _aCimarrones ;
_n2
_925295
910 _aValidado. Control de calidad MFF
999 _c10039
_d10039